[Event "Lubbock SPICE Cup-B 5th"]
[Site "Lubbock"]
[Date "2011.10.16"]
[Round "2"]
[White "Molner, Mackenzie"]
[Black "Ippolito, Dean"]
[Result "1-0"]
[WhiteElo "2453"]
[BlackElo "2477"]
[PlyCount "85"]
[EventDate "2011.10.15"]
[EventType "tourn"]
[EventRounds "9"]
[EventCountry "USA"]
[EventCategory "10"]
[SourceTitle "CBM 144 Extra"]
[Source "ChessBase"]
[SourceDate "2011.10.28"]

1. e4 c6 2. d4 d5 3. e5 Bf5 4. Nf3 e6 5. Be2 Ne7 6. O-O Nd7 7. Nbd2 c5 8. c4
Rc8 9. dxc5 Nxc5 10. Nb3 Nd7 11. cxd5 Nxd5 12. Bg5 Be7 13. Nbd4 Bxg5 14. Nxf5
O-O 15. Nd6 Rb8 16. Qd4 Bf4 17. g3 Bh6 18. Bc4 Qb6 19. Bxd5 Qxd4 20. Nxd4 exd5
21. f4 Nxe5 22. N4f5 Ng6 23. Rac1 Rfd8 24. Rc7 f6 25. Nxb7 Rf8 26. Rfc1 Kh8 27.
R1c2 d4 28. Nxd4 Nxf4 29. gxf4 Bxf4 30. Re7 Rxb7 31. Rxb7 Be3+ 32. Kg2 Bxd4 33.
Rcc7 Re8 34. Rxg7 Re2+ 35. Kf1 Rf2+ 36. Ke1 Rxb2 37. Rxh7+ Kg8 38. Rhd7 Rxb7
39. Rxb7 a5 40. Ke2 a4 41. Kf3 a3 42. Ke4 Be5 43. h4 1-0

[Event "Lubbock SPICE Cup-B 5th"]
[Site "Lubbock"]
[Date "2011.10.16"]
[Round "3"]
[White "Arnold, Marc Tyler"]
[Black "Molner, Mackenzie"]
[Result "0-1"]
[WhiteElo "2505"]
[BlackElo "2453"]
[PlyCount "106"]
[EventDate "2011.10.15"]
[EventType "tourn"]
[EventRounds "9"]
[EventCountry "USA"]
[EventCategory "10"]
[SourceTitle "CBM 144 Extra"]
[Source "ChessBase"]
[SourceDate "2011.10.28"]

1. d4 Nf6 2. Nf3 e6 3. c4 c5 4. d5 b5 5. dxe6 fxe6 6. cxb5 a6 7. Nbd2 Qa5 8. e4
axb5 9. e5 Ng4 10. h3 Nh6 11. Bd3 Nc6 12. O-O c4 13. Bb1 Nf7 14. Ne4 Be7 15.
Bg5 Qd8 16. Bf4 O-O 17. Qc2 g6 18. Rd1 Nb4 19. Qe2 Nd5 20. Bg3 Bb7 21. Nd4 Bh4
22. Bh2 Ng5 23. Rf1 Qb6 24. Qd2 b4 25. Nxg5 c3 26. bxc3 bxc3 27. Qd1 Bxg5 28.
Qg4 Bh6 29. Bc2 Ne3 30. Qh4 Nxf1 31. Rb1 Qa7 32. Rxf1 Bf4 33. Rd1 Bxh2+ 34.
Kxh2 Qc5 35. Qg3 Rf7 36. f4 Rxa2 37. h4 Qf8 38. Rf1 Bd5 39. Kg1 Kh8 40. h5 gxh5
41. Rf2 Ra3 42. Qd3 Qg8 43. f5 Rg7 44. Qe2 exf5 45. Nxf5 Rxg2+ 46. Rxg2 Qxg2+
47. Qxg2 Bxg2 48. Kxg2 Ra5 49. Kf3 Rxe5 50. Nd6 Re1 51. Nf5 h4 52. Kf2 Rh1 53.
Ne3 Rh2+ 0-1

[Event "Lubbock SPICE Cup-B 5th"]
[Site "Lubbock"]
[Date "2011.10.17"]
[Round "4"]
[White "Molner, Mackenzie"]
[Black "Mogranzini, Roberto"]
[Result "0-1"]
[WhiteElo "2453"]
[BlackElo "2439"]
[PlyCount "92"]
[EventDate "2011.10.15"]
[EventType "tourn"]
[EventRounds "9"]
[EventCountry "USA"]
[EventCategory "10"]
[SourceTitle "CBM 144 Extra"]
[Source "ChessBase"]
[SourceDate "2011.10.28"]

1. e4 c5 2. Nf3 Nc6 3. d4 cxd4 4. Nxd4 g6 5. Nc3 Bg7 6. Be3 Nf6 7. Bc4 d6 8. f3
Qb6 9. Ncb5 Qd8 10. Qd2 Ne5 11. Bb3 Bd7 12. O-O-O a6 13. Nc3 b5 14. g4 Rc8 15.
g5 Nh5 16. Kb1 O-O 17. Nce2 a5 18. a3 b4 19. a4 Qe8 20. Ng3 Bxa4 21. Nxh5 gxh5
22. f4 Nc4 23. Bxc4 Rxc4 24. b3 Rc3 25. f5 Be5 26. Bf4 Bb5 27. Bxe5 dxe5 28.
Nxb5 Qxb5 29. g6 fxg6 30. fxg6 hxg6 31. Qh6 Rc6 32. Rhg1 Qb6 33. Qxh5 Re6 34.
Qh3 Kg7 35. Rg5 Rf2 36. Rg2 Rxg2 37. Qxg2 Rd6 38. Rg1 Qd8 39. Kb2 Qc7 40. Qg3
Qc5 41. Kb1 Qd4 42. Re1 Rc6 43. h4 Qc3 44. Qf2 a4 45. Re3 Qd4 46. h5 Qd1+ 0-1

[Event "Lubbock SPICE Cup-B 5th"]
[Site "Lubbock"]
[Date "2011.10.17"]
[Round "5"]
[White "Bykhovsky, Anatoly"]
[Black "Molner, Mackenzie"]
[Result "1/2-1/2"]
[WhiteElo "2521"]
[BlackElo "2453"]
[PlyCount "69"]
[EventDate "2011.10.15"]
[EventType "tourn"]
[EventRounds "9"]
[EventCountry "USA"]
[EventCategory "10"]
[SourceTitle "CBM 144 Extra"]
[Source "ChessBase"]
[SourceDate "2011.10.28"]

1. d4 Nf6 2. c4 e6 3. Nf3 c5 4. d5 b5 5. Bf4 exd5 6. cxd5 Bb7 7. d6 g6 8. Nc3
Bg7 9. Qd3 O-O 10. Qxb5 Qc8 11. g3 Ba6 12. Qa4 Nc6 13. Bg2 Rb8 14. O-O Rxb2 15.
Rac1 Re8 16. Rfe1 h6 17. Qa3 Rb4 18. Na4 Bxe2 19. Nxc5 Nd5 20. Bd2 Bb2 21. Bxb4
Bxa3 22. Bxa3 Nb6 23. Nd2 Bb5 24. Nde4 Kf8 25. Bb2 Bc4 26. Nf6 Rxe1+ 27. Rxe1
Be6 28. Rc1 Qd8 29. h4 Nb4 30. Nb7 Qb8 31. Rc7 Na6 32. Rc1 Nb4 33. Rc7 Na6 34.
Nh7+ Kg8 35. Nf6+ 1/2-1/2

[Event "Lubbock SPICE Cup-B 5th"]
[Site "Lubbock"]
[Date "2011.10.18"]
[Round "6"]
[White "Molner, Mackenzie"]
[Black "Yang, Darwin"]
[Result "1/2-1/2"]
[WhiteElo "2453"]
[BlackElo "2439"]
[PlyCount "59"]
[EventDate "2011.10.15"]
[EventType "tourn"]
[EventRounds "9"]
[EventCountry "USA"]
[EventCategory "10"]
[SourceTitle "CBM 144 Extra"]
[Source "ChessBase"]
[SourceDate "2011.10.28"]

1. e4 e6 2. d4 d5 3. Nc3 Nf6 4. e5 Nfd7 5. f4 c5 6. Nf3 Nc6 7. Be3 Be7 8. Qd2
O-O 9. Be2 a6 10. O-O b5 11. Nd1 Qb6 12. Nf2 b4 13. c4 cxd4 14. Nxd4 Bc5 15.
Rad1 Nxd4 16. Bxd4 Bb7 17. Qe3 Rad8 18. Bf3 dxc4 19. Bxb7 Bxd4 20. Rxd4 Qxb7
21. Rfd1 c3 22. bxc3 bxc3 23. Qxc3 Rc8 24. Qa3 Nb8 25. h4 h6 26. Kh2 Nc6 27.
Rd6 Qb4 28. Qxb4 Nxb4 29. R1d2 a5 30. R6d4 1/2-1/2

[Event "Lubbock SPICE Cup-B 5th"]
[Site "Lubbock"]
[Date "2011.10.18"]
[Round "7"]
[White "Milman, Lev"]
[Black "Molner, Mackenzie"]
[Result "1/2-1/2"]
[WhiteElo "2452"]
[BlackElo "2453"]
[PlyCount "53"]
[EventDate "2011.10.15"]
[EventType "tourn"]
[EventRounds "9"]
[EventCountry "USA"]
[EventCategory "10"]
[SourceTitle "CBM 144 Extra"]
[Source "ChessBase"]
[SourceDate "2011.10.28"]

1. e4 c5 2. Nf3 d6 3. d4 cxd4 4. Nxd4 Nf6 5. Nc3 a6 6. h3 e6 7. g4 Be7 8. g5
Nfd7 9. h4 b5 10. a3 Bb7 11. Be3 Nb6 12. Qd2 N8d7 13. O-O-O Ne5 14. f4 Nec4 15.
Qe1 Rc8 16. Bf2 Qc7 17. Rh3 d5 18. exd5 Qxf4+ 19. Kb1 Nxd5 20. Nxd5 Bxd5 21.
Bd3 O-O 22. Qe2 Bc5 23. Bg3 Qe3 24. Bxc4 Bxd4 25. Qxe3 Bxe3 26. Bxd5 exd5 27.
Be5 1/2-1/2

[Event "Lubbock SPICE Cup-B 5th"]
[Site "Lubbock"]
[Date "2011.10.19"]
[Round "8"]
[White "Amanov, Mesgen"]
[Black "Molner, Mackenzie"]
[Result "1-0"]
[WhiteElo "2541"]
[BlackElo "2453"]
[PlyCount "109"]
[EventDate "2011.10.15"]
[EventType "tourn"]
[EventRounds "9"]
[EventCountry "USA"]
[EventCategory "10"]
[SourceTitle "CBM 144 Extra"]
[Source "ChessBase"]
[SourceDate "2011.10.28"]

1. d4 Nf6 2. c4 e6 3. Nf3 c5 4. d5 b5 5. dxe6 fxe6 6. cxb5 a6 7. e3 Be7 8. bxa6
O-O 9. Be2 Nxa6 10. O-O Bb7 11. Nbd2 Qc7 12. b3 e5 13. e4 Nxe4 14. Nxe4 Bxe4
15. Bb2 d6 16. Nd2 Bb7 17. Nc4 Nb4 18. Ne3 Rxa2 19. Rxa2 Nxa2 20. Bc4+ Kh8 21.
f4 exf4 22. Qa1 Bf6 23. Rxf4 Qe7 24. Nf5 Qe8 25. Qxa2 g6 26. Qa1 Bxb2 27. Qxb2+
Qe5 28. Nxd6 Qxb2 29. Rxf8+ Kg7 30. Rf7+ Kh6 31. Nxb7 Qb1+ 32. Kf2 Qb2+ 33. Kf3
Qc3+ 34. Kg4 Qd4+ 35. Kh3 Kg5 36. g3 Qg4+ 37. Kg2 Qe4+ 38. Kf2 Qc2+ 39. Be2
Qxb3 40. h4+ Kh6 41. Nd6 g5 42. Nf5+ Kg6 43. h5+ Kxf7 44. Bc4+ Qxc4 45. Nd6+
Kf6 46. Nxc4 g4 47. Ke3 Kg5 48. Ke4 Kxh5 49. Kf4 Kg6 50. Kxg4 Kf6 51. Kf4 Kg6
52. Ne5+ Kg7 53. Kg5 Kh8 54. Kf6 Kg8 55. g4 1-0

[Event "Lubbock SPICE Cup-B 5th"]
[Site "Lubbock"]
[Date "2011.10.19"]
[Round "9"]
[White "Molner, Mackenzie"]
[Black "Sevillano, Enrico"]
[Result "1-0"]
[WhiteElo "2453"]
[BlackElo "2490"]
[PlyCount "87"]
[EventDate "2011.10.15"]
[EventType "tourn"]
[EventRounds "9"]
[EventCountry "USA"]
[EventCategory "10"]
[SourceTitle "CBM 144 Extra"]
[Source "ChessBase"]
[SourceDate "2011.10.28"]

1. e4 e5 2. Nf3 Nc6 3. Bc4 Nf6 4. Ng5 d5 5. exd5 Na5 6. Bb5+ c6 7. dxc6 bxc6 8.
Bd3 Bc5 9. O-O O-O 10. Nc3 Bd4 11. Be2 Bf5 12. d3 Rb8 13. Nf3 c5 14. Na4 e4 15.
Nxd4 cxd4 16. Nc5 Qb6 17. dxe4 Nxe4 18. Nxe4 Bxe4 19. Bd3 Bxd3 20. cxd3 Qb5 21.
Bf4 Rbc8 22. Qd2 Rc6 23. Rfe1 Rg6 24. Re5 Qb7 25. Rg5 Rxg5 26. Bxg5 Nc6 27. Bf4
h6 28. h3 Qb5 29. Rc1 Re8 30. Rc4 Re6 31. Bg3 a5 32. b3 Qf5 33. a3 Qb5 34. Qc2
Qb7 35. Rc5 Rg6 36. Qc4 Re6 37. Kh2 Rf6 38. Qd5 Qb6 39. Bd6 Na7 40. Bc7 Qe6 41.
Qxe6 fxe6 42. Bb6 Rf7 43. Rxa5 Nc6 44. Rc5 1-0

[Event "Los Angeles Metropolitan 13th"]
[Site "Los Angeles"]
[Date "2011.12.07"]
[Round "1"]
[White "Matikozian, Andranik"]
[Black "Molner, Mackenzie"]
[Result "1/2-1/2"]
[WhiteElo "2457"]
[BlackElo "2455"]
[PlyCount "61"]
[EventDate "2011.12.07"]
[EventType "tourn"]
[EventRounds "9"]
[EventCountry "USA"]
[EventCategory "8"]
[SourceTitle "CBM 146 Extra"]
[Source "ChessBase"]
[SourceDate "2012.02.29"]

1. e4 c5 2. Nf3 d6 3. Nc3 a6 4. d4 cxd4 5. Nxd4 Nf6 6. Bc4 e6 7. O-O Be7 8. Bb3
O-O 9. f4 b5 10. e5 dxe5 11. fxe5 Nfd7 12. Bf4 Nc5 13. Nce2 Bb7 14. c3 Nxb3 15.
axb3 Qd5 16. Nf3 Bc5+ 17. Kh1 Qe4 18. Qd2 Nc6 19. Ng3 Qg6 20. Rad1 Rad8 21. Qe2
Qg4 22. Be3 Be7 23. Bf2 h6 24. b4 h5 25. h3 Qg6 26. Rfe1 h4 27. Nf1 Qh5 28.
Rxd8 Rxd8 29. Nxh4 Qxe2 30. Rxe2 Rd1 31. Kg1 1/2-1/2

[Event "Los Angeles Metropolitan 13th"]
[Site "Los Angeles"]
[Date "2011.12.08"]
[Round "2"]
[White "Molner, Mackenzie"]
[Black "Sevillano, Enrico"]
[Result "1/2-1/2"]
[WhiteElo "2455"]
[BlackElo "2461"]
[PlyCount "59"]
[EventDate "2011.12.07"]
[EventType "tourn"]
[EventRounds "9"]
[EventCountry "USA"]
[EventCategory "8"]
[SourceTitle "CBM 146 Extra"]
[Source "ChessBase"]
[SourceDate "2012.02.29"]

1. e4 e5 2. Nf3 Nc6 3. Bc4 Nf6 4. Ng5 d5 5. exd5 Na5 6. Bb5+ c6 7. dxc6 bxc6 8.
Bd3 Ng4 9. Ne4 f5 10. Be2 h5 11. h3 fxe4 12. hxg4 Bc5 13. b4 Qd4 14. bxc5 O-O
15. O-O Qxa1 16. Nc3 e3 17. gxh5 exf2+ 18. Rxf2 Rxf2 19. Kxf2 Be6 20. Ba3 Qxd1
21. Bxd1 Rf8+ 22. Ke1 Rf4 23. g3 Rf8 24. d3 Nb7 25. Bc1 Bh3 26. Be2 Bg2 27. Ne4
Rb8 28. Be3 Bxe4 29. dxe4 Na5 30. Bc1 1/2-1/2

[Event "Los Angeles Metropolitan 13th"]
[Site "Los Angeles"]
[Date "2011.12.09"]
[Round "4"]
[White "Molner, Mackenzie"]
[Black "Kekelidze, Mikheil"]
[Result "0-1"]
[WhiteElo "2455"]
[BlackElo "2443"]
[PlyCount "92"]
[EventDate "2011.12.07"]
[EventType "tourn"]
[EventRounds "9"]
[EventCountry "USA"]
[EventCategory "8"]
[SourceTitle "CBM 146 Extra"]
[Source "ChessBase"]
[SourceDate "2012.02.29"]

1. e4 c5 2. Nf3 e6 3. d4 cxd4 4. Nxd4 a6 5. Bd3 Nf6 6. c4 Nc6 7. Nf3 Qc7 8. O-O
Ng4 9. h3 h5 10. g3 Bc5 11. Kg2 Nge5 12. Nc3 Nxf3 13. Qxf3 b6 14. Na4 Bb7 15.
Nxc5 bxc5 16. Bf4 d6 17. h4 Nd4 18. Qd1 f5 19. f3 O-O 20. exf5 e5 21. Bg5 Nxf5
22. Be4 Nd4 23. Qd3 Rf7 24. Rf2 Raf8 25. Raf1 Bxe4 26. Qxe4 Qb7 27. Be3 a5 28.
Qxb7 Rxb7 29. Bxd4 exd4 30. Re1 a4 31. Ree2 Rb4 32. Rc2 Re8 33. Rf1 Kf7 34. Rd1
Re3 35. Kf2 Ke6 36. Re1 Rxe1 37. Kxe1 d5 38. cxd5+ Kxd5 39. Kd2 c4 40. Kc1 a3
41. bxa3 Ra4 42. Rb2 c3 43. Rb3 Kc4 44. Kc2 d3+ 45. Kd1 Kd4 46. g4 Rc4 0-1

[Event "Los Angeles Metropolitan 13th"]
[Site "Los Angeles"]
[Date "2011.12.09"]
[Round "5"]
[White "Yankovsky, Roman"]
[Black "Molner, Mackenzie"]
[Result "0-1"]
[WhiteElo "2397"]
[BlackElo "2455"]
[PlyCount "92"]
[EventDate "2011.12.07"]
[EventType "tourn"]
[EventRounds "9"]
[EventCountry "USA"]
[EventCategory "8"]
[SourceTitle "CBM 146 Extra"]
[Source "ChessBase"]
[SourceDate "2012.02.29"]

1. e4 c5 2. Nf3 d6 3. d4 cxd4 4. Nxd4 Nf6 5. Nc3 a6 6. h3 e5 7. Nde2 Be6 8. g4
d5 9. exd5 Nxd5 10. Bg2 Bb4 11. O-O Bxc3 12. Nxc3 Nxc3 13. bxc3 Nc6 14. Rb1 Qc7
15. Ba3 Bxa2 16. Rb2 Rd8 17. Qe2 Bd5 18. Bxd5 Rxd5 19. Rd1 Rxd1+ 20. Qxd1 h5
21. gxh5 g6 22. hxg6 Rg8 23. Kf1 Rxg6 24. Qd3 Nd8 25. Rb4 Qd7 26. Qf3 Qc6 27.
Re4 Ne6 28. Qd3 Rg5 29. h4 Rf5 30. Qd6 Qxd6 31. Bxd6 f6 32. Kg2 Rf4 33. Rxf4
Nxf4+ 34. Kf3 Kf7 35. Ba3 f5 36. c4 Ne6 37. c3 Kg6 38. Bd6 e4+ 39. Ke3 Kh5 40.
Be7 Kg4 41. c5 a5 42. c4 a4 43. Kd2 f4 44. Kc3 a3 45. Kb3 e3 46. fxe3 f3 0-1

[Event "Los Angeles Metropolitan 13th"]
[Site "Los Angeles"]
[Date "2011.12.10"]
[Round "6"]
[White "Khachiyan, Melikset"]
[Black "Molner, Mackenzie"]
[Result "1/2-1/2"]
[WhiteElo "2474"]
[BlackElo "2455"]
[PlyCount "41"]
[EventDate "2011.12.07"]
[EventType "tourn"]
[EventRounds "9"]
[EventCountry "USA"]
[EventCategory "8"]
[SourceTitle "CBM 146 Extra"]
[Source "ChessBase"]
[SourceDate "2012.02.29"]

1. Nf3 c5 2. g3 g6 3. Bg2 Bg7 4. O-O Nc6 5. c4 e6 6. Nc3 Nge7 7. e3 O-O 8. d4
cxd4 9. Nxd4 Nxd4 10. exd4 d5 11. cxd5 Nxd5 12. Nxd5 exd5 13. Be3 Be6 14. Qb3
Qb6 15. Qxb6 axb6 16. a3 Rfc8 17. Rac1 Rc6 18. Rxc6 bxc6 19. Rc1 Bd7 20. Rc3
Ra4 21. b4 1/2-1/2

[Event "Los Angeles Metropolitan 13th"]
[Site "Los Angeles"]
[Date "2011.12.10"]
[Round "7"]
[White "Molner, Mackenzie"]
[Black "Arnold, Marc Tyler"]
[Result "1/2-1/2"]
[WhiteElo "2455"]
[BlackElo "2504"]
[PlyCount "63"]
[EventDate "2011.12.07"]
[EventType "tourn"]
[EventRounds "9"]
[EventCountry "USA"]
[EventCategory "8"]
[SourceTitle "CBM 146 Extra"]
[Source "ChessBase"]
[SourceDate "2012.02.29"]

1. d4 Nf6 2. c4 e6 3. Nc3 d5 4. Nf3 Be7 5. Bg5 O-O 6. e3 h6 7. Bh4 Ne4 8. Bxe7
Qxe7 9. Rc1 c6 10. Bd3 Nxc3 11. Rxc3 Nd7 12. O-O dxc4 13. Bxc4 e5 14. dxe5 Nxe5
15. Nxe5 Qxe5 16. f4 Qe4 17. Qd3 Bf5 18. Qxe4 Bxe4 19. Bd3 Rfe8 20. Bxe4 Rxe4
21. Rd1 Rae8 22. Rd7 Rxe3 23. Rxe3 Rxe3 24. Rxb7 Re2 25. Kf1 Rd2 26. a4 a5 27.
b3 Rb2 28. Ra7 Rxb3 29. Rxa5 Rb4 30. g3 Rb2 31. Kg1 Ra2 32. Rc5 1/2-1/2

[Event "Los Angeles Metropolitan 13th"]
[Site "Los Angeles"]
[Date "2011.12.11"]
[Round "8"]
[White "Ginsburg, Mark"]
[Black "Molner, Mackenzie"]
[Result "1/2-1/2"]
[WhiteElo "2367"]
[BlackElo "2455"]
[PlyCount "105"]
[EventDate "2011.12.07"]
[EventType "tourn"]
[EventRounds "9"]
[EventCountry "USA"]
[EventCategory "8"]
[SourceTitle "CBM 146 Extra"]
[Source "ChessBase"]
[SourceDate "2012.02.29"]

1. c4 c5 2. Nf3 Nc6 3. Nc3 e5 4. g3 g6 5. Bg2 Bg7 6. d3 Nge7 7. a3 d6 8. Bd2 a5
9. Qc1 b6 10. Bh6 Bxh6 11. Qxh6 Nf5 12. Qd2 Bb7 13. O-O O-O 14. Ng5 Nfd4 15.
Rad1 f6 16. Bd5+ Kg7 17. Nf3 Qd7 18. e3 Nf5 19. Ne1 h5 20. Nc2 h4 21. Bg2 Rh8
22. Nd5 Qd8 23. Be4 Nfe7 24. d4 f5 25. Bg2 cxd4 26. exd4 Nxd5 27. cxd5 Nb8 28.
dxe5 dxe5 29. f4 h3 30. Bf3 Nd7 31. d6 e4 32. Qd4+ Qf6 33. Be2 Rac8 34. Ne3 Rc5
35. Rd2 Rhc8 36. Rfd1 Qxd4 37. Rxd4 Kf6 38. Bf1 Rc1 39. Bxh3 Rxd1+ 40. Rxd1 Rc5
41. Bf1 Bc6 42. Rd2 a4 43. Kf2 b5 44. h3 Ke6 45. g4 Nf6 46. gxf5+ gxf5 47. Nc2
Kd7 48. Nb4 Bd5 49. Na6 Rc1 50. Bxb5+ Kxd6 51. Nb4 Rh1 52. Kg2 Rc1 53. Kf2
1/2-1/2

[Event "Los Angeles Metropolitan 13th"]
[Site "Los Angeles"]
[Date "2011.12.11"]
[Round "9"]
[White "Molner, Mackenzie"]
[Black "Kiewra, Keaton F"]
[Result "1/2-1/2"]
[WhiteElo "2455"]
[BlackElo "2360"]
[PlyCount "55"]
[EventDate "2011.12.07"]
[EventType "tourn"]
[EventRounds "9"]
[EventCountry "USA"]
[EventCategory "8"]
[SourceTitle "CBM 146 Extra"]
[Source "ChessBase"]
[SourceDate "2012.02.29"]

1. Nf3 b5 2. e3 b4 3. a3 e6 4. c3 bxc3 5. Nxc3 Nf6 6. Bb5 Ba6 7. Bxa6 Nxa6 8.
O-O Be7 9. d4 c5 10. dxc5 Nxc5 11. b4 Nce4 12. Nxe4 Nxe4 13. Bb2 O-O 14. Nd2
Nxd2 15. Qxd2 a5 16. Bc3 axb4 17. Bxb4 Bf6 18. Bxf8 Bxa1 19. Rxa1 Qxf8 20. Qxd7
Rxa3 21. Rxa3 Qxa3 22. g3 Qa1+ 23. Kg2 Qa8+ 24. Kg1 Qa1+ 25. Kg2 g6 26. Qd8+
Kg7 27. h4 h5 28. Qc8 1/2-1/2

[Event "Northern California op"]
[Site "Freemont"]
[Date "2012.01.02"]
[Round "1"]
[White "Molner, Mackenzie"]
[Black "Manvelyan, Hayk"]
[Result "1-0"]
[WhiteElo "2449"]
[BlackElo "2202"]
[PlyCount "101"]
[EventDate "2012.01.02"]
[EventType "swiss"]
[EventRounds "9"]
[EventCountry "USA"]
[SourceTitle "CBM 146 Extra"]
[Source "ChessBase"]
[SourceDate "2012.02.29"]

1. e4 e6 2. d4 d5 3. Nc3 Bb4 4. e5 b6 5. Qg4 Bf8 6. Nf3 Nc6 7. Bb5 Bb7 8. O-O
Qd7 9. a4 a6 10. Bd3 Nb4 11. a5 Nxd3 12. cxd3 Ne7 13. Bd2 Bc6 14. Rfc1 Nf5 15.
Rc2 Bb4 16. Rac1 h5 17. Qh3 Bxa5 18. Bg5 b5 19. Ne2 Bb7 20. Ng3 Ne7 21. Nxh5
O-O-O 22. Qg4 Rdg8 23. Bd2 Bb6 24. Bb4 Nf5 25. Bc5 Bxc5 26. Rxc5 c6 27. Ng3 g5
28. Nd2 Rh4 29. Qd1 Nxd4 30. Nf3 Nxf3+ 31. Qxf3 Rgh8 32. h3 Qe7 33. Qe3 Kb8 34.
Ne2 Rc8 35. Nd4 Qd7 36. Nf3 Rb4 37. Qd2 Ra4 38. b3 Ra3 39. Qb2 Ra5 40. Nxg5 Rg8
41. Nf3 Qd8 42. Nd4 Qg5 43. g3 Qh5 44. Kg2 Rh8 45. h4 Qg4 46. Nf3 Qb4 47. Nd4
Ra4 48. Nxc6+ Bxc6 49. Rxc6 Ra3 50. Qc2 Rxb3 51. Rb6+ 1-0

[Event "Northern California op"]
[Site "Freemont"]
[Date "2012.01.03"]
[Round "2"]
[White "Piasetski, Leon David"]
[Black "Molner, Mackenzie"]
[Result "0-1"]
[WhiteElo "2305"]
[BlackElo "2449"]
[PlyCount "73"]
[EventDate "2012.01.02"]
[EventType "swiss"]
[EventRounds "9"]
[EventCountry "USA"]
[SourceTitle "CBM 146 Extra"]
[Source "ChessBase"]
[SourceDate "2012.02.29"]

1. Nf3 c5 2. c4 Nc6 3. d4 cxd4 4. Nxd4 Qb6 5. e3 g6 6. Nc3 Nf6 7. Be2 Bg7 8.
O-O O-O 9. b3 d6 10. Bb2 Bd7 11. Qd2 Rfc8 12. Rfd1 Qd8 13. Bf1 a6 14. Nde2 b5
15. Nf4 bxc4 16. Bxc4 Ne5 17. Bf1 Bc6 18. Rac1 a5 19. Kh1 Qb6 20. f3 Bh6 21.
Na4 Qb7 22. Nc5 Qa7 23. Bd4 Nxf3 24. gxf3 dxc5 25. Bxc5 Bxf3+ 26. Bg2 Rxc5 27.
Bxf3 Rac8 28. Qd4 Qc7 29. Rxc5 Qxc5 30. Qxc5 Rxc5 31. Rd8+ Kg7 32. Ra8 e5 33.
Nd3 Rc3 34. Be2 Rc2 35. Bf1 Ng4 36. Bg2 Rd2 37. h3 0-1

[Event "Northern California op"]
[Site "Freemont"]
[Date "2012.01.03"]
[Round "3"]
[White "Molner, Mackenzie"]
[Black "Margvelashvili, Giorgi"]
[Result "1/2-1/2"]
[WhiteElo "2449"]
[BlackElo "2531"]
[PlyCount "68"]
[EventDate "2012.01.02"]
[EventType "swiss"]
[EventRounds "9"]
[EventCountry "USA"]
[SourceTitle "CBM 146 Extra"]
[Source "ChessBase"]
[SourceDate "2012.02.29"]

1. e4 c6 2. d4 d5 3. e5 Bf5 4. Nf3 e6 5. Be2 Nd7 6. Nbd2 Bg6 7. O-O Nh6 8. Re1
Be7 9. Nf1 Nf5 10. Bd2 c5 11. c3 O-O 12. a4 Rc8 13. a5 Nb8 14. dxc5 Bxc5 15. b4
Be7 16. Ng3 Nh4 17. Nd4 Nc6 18. Nxc6 Rxc6 19. Bb5 Rc7 20. Qb3 Qb8 21. Be3 a6
22. Bf1 Rcc8 23. f4 f6 24. Bd4 fxe5 25. fxe5 Qc7 26. b5 axb5 27. Qxb5 Bg5 28.
Ra3 Qf7 29. Qb2 Nf5 30. Nxf5 Bxf5 31. Rb3 Rc7 32. Bb6 Rcc8 33. Bd4 Rc7 34. Bb6
Rcc8 1/2-1/2

[Event "Northern California op"]
[Site "Freemont"]
[Date "2012.01.04"]
[Round "4"]
[White "Shankland, Samuel L"]
[Black "Molner, Mackenzie"]
[Result "1-0"]
[WhiteElo "2565"]
[BlackElo "2449"]
[PlyCount "101"]
[EventDate "2012.01.02"]
[EventType "swiss"]
[EventRounds "9"]
[EventCountry "USA"]
[SourceTitle "CBM 146 Extra"]
[Source "ChessBase"]
[SourceDate "2012.02.29"]

1. d4 f5 2. Bf4 Nf6 3. e3 e6 4. Bd3 Nc6 5. Nf3 Be7 6. c4 Nh5 7. Nc3 Nxf4 8.
exf4 Bf6 9. Bb1 O-O 10. O-O Na5 11. Qd3 b6 12. b4 Nc6 13. a3 a5 14. b5 Ne7 15.
Ba2 Bb7 16. Rad1 Ng6 17. g3 Qe7 18. a4 Qa3 19. Ne1 Qe7 20. Nc2 Rad8 21. Rfe1
Kh8 22. Nd5 Qf7 23. Nxf6 Qxf6 24. Qe3 Be4 25. Na3 Rde8 26. f3 Bb7 27. Kf2 h6
28. Rd2 d6 29. Rde2 Re7 30. c5 e5 31. dxe5 dxe5 32. Qc3 bxc5 33. Nc4 Rfe8 34.
Nxa5 Ba8 35. Nc4 exf4 36. Qxf6 Rxe2+ 37. Rxe2 Rxe2+ 38. Kxe2 gxf6 39. a5 fxg3
40. hxg3 Ne7 41. Nb2 Nc8 42. Be6 Nd6 43. Bd7 c4 44. Na4 f4 45. gxf4 h5 46. a6
h4 47. a7 Kg7 48. Bc6 Kf8 49. Bxa8 Nxb5 50. Bd5 Nxa7 51. Bxc4 1-0

[Event "Northern California op"]
[Site "Freemont"]
[Date "2012.01.05"]
[Round "6"]
[White "Abrahamyan, Tatev"]
[Black "Molner, Mackenzie"]
[Result "1/2-1/2"]
[WhiteElo "2287"]
[BlackElo "2449"]
[PlyCount "93"]
[EventDate "2012.01.02"]
[EventType "swiss"]
[EventRounds "9"]
[EventCountry "USA"]
[SourceTitle "CBM 146 Extra"]
[Source "ChessBase"]
[SourceDate "2012.02.29"]

1. e4 c5 2. Nf3 d6 3. d4 cxd4 4. Nxd4 Nf6 5. Nc3 a6 6. h3 e5 7. Nde2 Be6 8. g4
d5 9. exd5 Nxd5 10. Bg2 Bb4 11. O-O Bxc3 12. Nxc3 Nxc3 13. bxc3 Nc6 14. Rb1 Qe7
15. Qe2 O-O 16. Bxc6 bxc6 17. Qxe5 Qh4 18. Qg3 Qxg3+ 19. fxg3 Bxa2 20. Rb6 Bd5
21. Bf4 Rfe8 22. Ra1 a5 23. c4 Be4 24. Rb2 Ra6 25. Ra4 h6 26. c5 Ra7 27. Rb8
Rxb8 28. Bxb8 Rb7 29. Bd6 Bxc2 30. Rxa5 Be4 31. Kf2 Bd5 32. Ra4 f6 33. h4 Kh7
34. Ke3 g6 35. Ke2 Kg7 36. Ke3 Kf7 37. Kf2 Ke6 38. Ke3 g5 39. hxg5 hxg5 40. Kf2
Rb3 41. Ke2 Bf3+ 42. Kd2 Kd5 43. Kc2 Re3 44. Kd2 Re6 45. Kc3 Re3+ 46. Kd2 Rb3
47. Kc2 1/2-1/2

[Event "Northern California op"]
[Site "Freemont"]
[Date "2012.01.07"]
[Round "8"]
[White "Molner, Mackenzie"]
[Black "Aleskerov, Faik"]
[Result "1-0"]
[WhiteElo "2449"]
[BlackElo "2362"]
[PlyCount "91"]
[EventDate "2012.01.02"]
[EventType "swiss"]
[EventRounds "9"]
[EventCountry "USA"]
[SourceTitle "CBM 146 Extra"]
[Source "ChessBase"]
[SourceDate "2012.02.29"]

1. e4 g6 2. d4 Bg7 3. Nc3 c6 4. Nf3 d6 5. Be3 Nf6 6. Qd2 O-O 7. Bd3 b5 8. a4 b4
9. Ne2 d5 10. Ng3 dxe4 11. Nxe4 Nxe4 12. Bxe4 Qa5 13. O-O Rd8 14. Rfe1 Be6 15.
Bg5 Re8 16. h4 a6 17. h5 h6 18. Bxh6 Bxh6 19. Qxh6 Qxh5 20. Qxh5 gxh5 21. Ne5
Bd5 22. Nd3 a5 23. Nf4 Bxe4 24. Rxe4 h4 25. Rae1 e6 26. Nd3 h3 27. g3 Nd7 28.
Rg4+ Kf8 29. Rh4 Rec8 30. Rxh3 Kg7 31. Rh5 Kg6 32. g4 Nf6 33. Ne5+ Kg7 34. Rg5+
Kf8 35. Re3 Nh7 36. Rh5 Nf6 37. Rh6 Ng8 38. Rh7 Ra7 39. Ng6+ Ke8 40. Rxe6+ fxe6
41. Rxa7 c5 42. Rg7 Nh6 43. g5 Nf5 44. Rg8+ Kd7 45. Ne5+ Kc7 46. Rxc8+ 1-0